Deliciae sylvarum, or, Grand and romantic forest scenery in England and Scotland (Record no. 114121)

MARC details
000 -LEADER
fixed length control field 00649cam a22001815a 4500
001 - CONTROL NUMBER
control field L156237
008 - FIXED-LENGTH DATA ELEMENTS--GENERAL INFORMATION
fixed length control field 120509s1828 xxk f 000 0 eng d
035 ## - SYSTEM CONTROL NUMBER
System control number (Sirsi) u156237
041 0# - LANGUAGE CODE
Language code of text/sound track or separate title eng
100 1# - MAIN ENTRY--PERSONAL NAME
Personal name Strutt, Jacob George
Dates associated with a name 1790-1864
245 00 - TITLE STATEMENT
Title Deliciae sylvarum, or, Grand and romantic forest scenery in England and Scotland
Statement of responsibility, etc. drawn from nature and etched by Jacob George Strutt
260 ## - PUBLICATION, DISTRIBUTION, ETC.
Place of publication, distribution, etc. London
Name of publisher, distributor, etc. Published by J. G. Strutt ...
Date of publication, distribution, etc. [1828]
300 ## - PHYSICAL DESCRIPTION
Extent [6], 4 p., 5 leaves of plates
Other physical details ill.
Dimensions 54 cm.
583 0# - ACTION NOTE
Action Condition reviewed
Time/date of action 20120620
Status condition level 4
651 #4 - SUBJECT ADDED ENTRY--GEOGRAPHIC NAME
Geographic name Great Britain
Chronological subdivision 1707-
690 ## - LOCAL SUBJECT ADDED ENTRY--TOPICAL TERM (OCLC, RLIN)
Topical term or geographic name as entry element Rural
9 (RLIN) 6268
942 ## - ADDED ENTRY ELEMENTS (KOHA)
Suppress in OPAC 0
Holdings
Withdrawn status Lost status Source of classification or shelving scheme Damaged status Not for loan Home library Current library Shelving location Date acquired Total Checkouts Full call number Barcode Date last seen Copy number Price effective from Koha item type
    Dewey Decimal Classification     Historic collection Historic collection Historic collection 09/05/2012   FOLIO 1828 STRUTT 30075899 05/11/2024 1 06/08/2019 Book